000 00563nam a2200181Ia 4500
003 GCL
008 140319s9999 xx 000 0 ara d
040 _aGCL /
_cGCL
082 0 4 _a342.02
_bس م
100 1 _aسعد عصفور
245 1 0 _aالمبادىء الاساسية فى القانون الدستورى والنظم السياسية /
_cسعد عصفور
260 _a[S.N] :
_bمكتبه النهضه المصريه
300 _a280 ص
490 _a
650 0 4 _aالقانون
650 0 4 _aالقانون الدستورى
942 _2ddc
_cBK
999 _c54224
_d54224